La empresa, unidad económica de producción y distribución / (Record no. 171647)

MARC details
000 -LEADER
campo de control de longitud fija 00548nam a22001815i 4500
001 - NÚMERO DE CONTROL
campo de control 171647
003 - IDENTIFICADOR DE NÚMERO DE CONTROL
campo de control ES-MaACL
005 - FECHA Y HORA DE LA ÚLTIMA TRANSACCIÓN
campo de control 20250902055926.0
008 - DATOS DE LONGITUD FIJA--INFORMACIÓN GENERAL
campo de control de longitud fija 090525s1968 sp |||| | spa d
080 ## - NÚMERO DE LA CLASIFICACIÓN DECIMAL UNIVERSAL
Número de la Clasificación Decimal Universal 338.93(04)
100 1# - ENTRADA PRINCIPAL--NOMBRE DE PERSONA
Nombre de persona Soldevilla García, Emilio.
9 (RLIN) 107116
245 13 - MENCIÓN DEL TÍTULO
Título La empresa, unidad económica de producción y distribución /
Mención de responsabilidad, etc. Emilio Soldevilla.
260 ## - PUBLICACIÓN, DISTRIBUCIÓN, ETC.
Lugar de publicación, distribución, etc. Madrid :
Nombre del editor, distribuidor, etc. Compi,
Fecha de publicación, distribución, etc. [1968]
300 ## - DESCRIPCIÓN FÍSICA
Extensión 415 p. ;
Dimensiones 22 cm.
650 17 - PUNTO DE ACCESO ADICIONAL DE MATERIA--TÉRMINO DE MATERIA
Término de materia o nombre geográfico como elemento de entrada Empresas
Fuente del encabezamiento o término embne
9 (RLIN) 12209
852 ## - LOCALIZACIÓN
Ubicación ES-MaACL
Número de control de estantería G-5560
itemnumber R.65904
Holdings
Estatus retirado Estado de pérdida Estado de daño No para préstamo Biblioteca de origen Biblioteca actual Ubicación en estantería Fecha de adquisición Fuente de adquisición Total de préstamos Signatura topográfica completa Código de barras Visto por última vez Precio de reemplazo Tipo de ítem Koha
        Biblioteca del Ateneo de Madrid Biblioteca del Ateneo de Madrid Depósito 2 25/05/2009     G-5560 1180131 23/02/2023 23/02/2023 Libro impreso